| 000 | 00645nam a22001935i 4500 | ||
|---|---|---|---|
| 001 | 167982 | ||
| 003 | ES-MaACL | ||
| 005 | 20230906213639.0 | ||
| 008 | 051003s1876 gw | |||||||| ||eng d | ||
| 040 |
_aCAM _bspa _cCAM |
||
| 100 | 1 |
_aWood, Henry _cMistress ( _d1814-1887) _9154460 |
|
| 245 | 1 | 0 |
_aAdam Grainger _b: a tale / _cby Henry Wood. |
| 260 |
_aLeipzig : _bBernhard Tauchnitz, _c1876. |
||
| 300 |
_a255 p. ; _c16 cm. |
||
| 490 | 1 |
_aCollection of british authors ; _v1586 |
|
| 830 | 0 |
_aCollection of british authors ; _v1586 _9180703 |
|
| 852 |
_aES-MaACL _jG-12894 _z-- Enc. hol., conservando la cub. original |
||
| 999 |
_c167982 _d167982 |
||